Grace and freedom : operative grace in the thought of st. Thomas Aquinas.

Збережено в:
Бібліографічні деталі
Автор: Lonergan, Bernard (autor)
Інші автори: Burns, J. Patout, ed (autor) ed, (autor)
Формат: Книга
Мова:Англійська
Предмети:
Теги: Додати тег
Немає тегів, Будьте першим, хто поставить тег для цього запису!

MARC

LEADER 00000cam^a2200000uu^4500
001 000465899
005 20250521000000.0
008 050901s1971^^^^^^^^^^^^rd^r^^000^0^spa^d
009 20260310124410.119
022 |a 0232511462 
035 |a FCE 000008523 
035 |a FCE 033743 
037 |a Acervo ITESO - Biblioteca 
041 |a eng 
082 0 4 |a 234.1  |b LONg 
100 |a Lonergan, Bernard  |e (autor) 
245 1 0 |a Grace and freedom :  |b operative grace in the thought of st. Thomas Aquinas. 
264 |a Londres :  |b Darton, Longman & Todd : Herder and Herder,  |c 1971. 
300 |a 187 p. 
336 |a texto  |b txt  |2 rdacontenido 
337 |a sin mediación  |b n  |2 rdamedio 
338 |a volumen  |b nc  |2 rdasoporte 
649 |a XX 
650 |a Tomás de Aquino, Santo 
650 |a Teoría 
650 |a Libertad 
650 |a Etica Cristiana 
700 |a Burns, J. Patout,  |e ed  |e (autor) 
910 |a Fondo Centro de Estudios Educativos 
920 |a Impresos - Libros 
930 |a Fondos Especiales 
905 |a 133 
901 |a ALE033743  |b IT2  |c CEE  |u 20250521 
902 |a https://opac.biblio.iteso.mx/vufind/Record/000465899